000 00789nam a2200217Ia 4500
003 OSt
005 20210803111657.0
008 210310s1990 ck gr 000 0 spa d
040 _aCO-JMCR
_cCO-JMCR
041 0 _aspa
082 0 4 _a332.12 /
_bA837b
_223
110 2 _aAsociación Bancaria Colombiana
_939011
245 1 0 _aSeries estadísticas del sistema financiero colombiano :
_bbancos comerciales /
_cAsociación Bancaria de Colombia.
260 _aBogotá :
_bLa asociación,
_c1990.
300 _a466 páginas ;
_c28 cm.
490 0 _aSeries estadisticas del sistema financiero colombiano
650 1 4 _aBancos
_vEstadísticas.
_zColombia
_927244
650 2 4 _aInstituciones financieras
_vEstadísticas.
_zColombia
_939012
650 2 4 _aBancos comerciales
_939013
942 _2ddc
_cBK
999 _c12081
_d12081